[Event "13. Lovsprings EMT Basis 2 2002"]
[Site "Ringsted"]
[Date "2002.03.08"]
[Round "1"]
[White "Abdi, Farhad"]
[Black "Christensen, Michael"]
[Result "0-1"]
[WhiteElo "1298"]
[BlackElo "1419"]
[PlyCount "100"]
[EventDate "2002.??.??"]

1. d4 d5 2. Nf3 Nf6 3. Bf4 e6 4. e3 c5 5. c3 Nc6 6. Be2 Be7 7. Nbd2 O-O 8. O-O
c4 9. Qc2 Re8 10. e4 dxe4 11. Nxe4 Nxe4 12. Qxe4 Qd5 13. Nd2 b5 14. Bf3 Qxe4
15. Bxe4 Bb7 16. b3 cxb3 17. axb3 a6 18. b4 Nd8 19. f3 Bxe4 20. fxe4 Nb7 21.
Nb3 Rec8 22. Nc5 Nxc5 23. dxc5 a5 24. Rfd1 axb4 25. cxb4 Kf8 26. Rab1 Ra4 27.
Kf2 Rxb4 28. Bd6 Rxb1 29. Rxb1 Bxd6 30. cxd6 Rb8 31. Ke3 Ke8 32. Kd4 Kd7 33. e5
f6 34. g4 b4 35. Rb3 fxe5+ 36. Kxe5 Rb5+ 37. Kd4 Kxd6 38. h3 h6 39. Kc4 Rb7 40.
Rd3+ Ke7 41. Re3 b3 42. Re1 b2 43. Rb1 Kf6 44. Kd4 Kg5 45. Ke5 Kh4 46. Kxe6
Kxh3 47. Kf5 Rb6 48. g5 Rb5+ 49. Kg6 hxg5 50. Kxg7 g4 0-1

[Event "13. Lovsprings EMT Basis 2 2002"]
[Site "Ringsted"]
[Date "2002.03.08"]
[Round "1"]
[White "Jorgensen, Mikkel"]
[Black "Jensen, Dan Bronnum"]
[Result "1/2-1/2"]
[WhiteElo "1588"]
[BlackElo "1234"]
[PlyCount "59"]
[EventDate "2002.??.??"]

1. d4 Nf6 2. f3 d5 3. e4 dxe4 4. Nc3 exf3 5. Nxf3 Bg4 6. h3 Bxf3 7. Qxf3 c6 8.
Be3 e6 9. Bd3 Bb4 10. O-O Bxc3 11. bxc3 Qd5 12. Qg3 Kf8 13. Rxf6 gxf6 14. Bh6+
Ke7 15. Qg7 Nd7 16. Bxh7 Rxh7 17. Qxh7 c5 18. Rd1 a5 19. c4 Qxc4 20. d5 exd5
21. Re1+ Ne5 22. Rxe5+ fxe5 23. Bg5+ Ke6 24. Qh6+ Kd7 25. Qf6 d4 26. Qxe5 Qe6
27. Qxc5 Qd6 28. Qf5+ Qe6 29. Qb5+ Qc6 30. Qf5+ 1/2-1/2

[Event "13. Lovsprings EMT Basis 2 2002"]
[Site "Ringsted"]
[Date "2002.03.08"]
[Round "1"]
[White "Pedersen, Jon"]
[Black "Pedersen, Allan"]
[Result "0-1"]
[WhiteElo "1438"]
[BlackElo "1536"]
[PlyCount "52"]
[EventDate "2002.??.??"]

1. e4 c5 2. d4 cxd4 3. c3 d6 4. cxd4 Nf6 5. Nc3 a6 6. Nf3 e6 7. Be3 Be7 8. h3
O-O 9. Bd3 Ne8 10. d5 e5 11. O-O Nd7 12. Qc2 b6 13. Rfc1 Nc5 14. Bxc5 bxc5 15.
b4 cxb4 16. Ne2 Bd7 17. a3 bxa3 18. Rxa3 a5 19. Ng3 g6 20. Rca1 a4 21. Ne1 Ng7
22. Qe2 f5 23. f3 f4 24. Nh1 Bh4 25. Bb5 Qb6+ 26. Kf1 Bxb5 0-1

[Event "13. Lovsprings EMT Basis 2 2002"]
[Site "Ringsted"]
[Date "2002.03.08"]
[Round "1"]
[White "Petersen, Torben William"]
[Black "Wagner, Tim"]
[Result "1-0"]
[WhiteElo "1365"]
[BlackElo "1582"]
[PlyCount "67"]
[EventDate "2002.??.??"]

1. d4 d5 2. c4 c6 3. Nc3 Nf6 4. Bg5 h6 5. Bxf6 gxf6 6. cxd5 cxd5 7. e3 f5 8.
Nge2 e6 9. Nf4 Bd6 10. Qf3 Nc6 11. Bb5 a6 12. Ba4 Qa5 13. O-O Bd7 14. a3 Qc7
15. Nce2 Ke7 16. Rac1 Qb6 17. b4 Bxf4 18. Nxf4 Nxd4 19. exd4 Bxa4 20. Qxd5 Ke8
21. Qe5 Rg8 22. Rfe1 Bd7 23. Nd5 Qd8 24. Nf6+ Kf8 25. Qd6+ Kg7 26. Nxd7 Re8 27.
Qe5+ f6 28. Qg3+ Kh8 29. Nc5 Qd5 30. Qe3 Kh7 31. Nxe6 Rg8 32. Rc7+ Kg6 33. Qg3+
Kh5 34. Nf4# 1-0

[Event "13. Lovsprings EMT Basis 2 2002"]
[Site "Ringsted"]
[Date "2002.03.15"]
[Round "2"]
[White "Christensen, Michael"]
[Black "Mortensen, Orla Lind"]
[Result "1-0"]
[WhiteElo "1419"]
[BlackElo "1573"]
[PlyCount "77"]
[EventDate "2002.??.??"]

1. Nf3 d5 2. d4 Nf6 3. Bf4 e6 4. c3 c5 5. e3 a6 6. Nbd2 Nc6 7. Be2 Be7 8. O-O
O-O 9. Re1 Bd7 10. Bf1 b5 11. Ne5 Nxe5 12. Bxe5 Bc6 13. Bxf6 Bxf6 14. dxc5 Qc7
15. Qc2 Rac8 16. a3 Bb7 17. b4 Qe5 18. Rec1 Bc6 19. Nf3 Qh5 20. Be2 Qh6 21. Nd4
Bb7 22. a4 a5 23. axb5 axb4 24. cxb4 Be5 25. h3 Qf6 26. Qd2 g6 27. Ra7 Ba8 28.
c6 Rc7 29. Rca1 Rcc8 30. R1a2 Bc7 31. R2a6 Qe5 32. f4 Qd6 33. b6 Bxb6 34. Rxb6
Bxc6 35. Bb5 Qd8 36. Rxc6 Rxc6 37. Nxc6 Qb6 38. Qc3 f6 39. Qc5 1-0

[Event "13. Lovsprings EMT Basis 2 2002"]
[Site "Ringsted"]
[Date "2002.03.15"]
[Round "2"]
[White "Jensen, Dan Bronnum"]
[Black "Nilsson, Jonas Gosta"]
[Result "0-1"]
[WhiteElo "1234"]
[BlackElo "1558"]
[PlyCount "60"]
[EventDate "2002.??.??"]

1. e4 e6 2. d4 d5 3. Nc3 Bb4 4. e5 c5 5. Bd2 cxd4 6. Nb5 Bc5 7. Nf3 Nc6 8. Bf4
Qa5+ 9. Bd2 Qb6 10. Bd3 a6 11. Nd6+ Bxd6 12. exd6 e5 13. Ng5 h6 14. Qh5 Nd8 15.
Nh3 Qxd6 16. O-O-O Nf6 17. Qh4 Bxh3 18. Qxh3 e4 19. Be2 Ne6 20. g3 Qc5 21. g4
d3 22. Bxd3 exd3 23. Qxd3 Rc8 24. f3 Qc4 25. Bc3 d4 26. Qxc4 Rxc4 27. Ba5 O-O
28. b3 Rc6 29. Rhe1 Rfc8 30. Re2 d3 0-1

[Event "13. Lovsprings EMT Basis 2 2002"]
[Site "Ringsted"]
[Date "2002.03.15"]
[Round "2"]
[White "Jorgensen, Mikkel"]
[Black "Jorgensen, Morten"]
[Result "1-0"]
[WhiteElo "1588"]
[BlackElo "1499"]
[PlyCount "83"]
[EventDate "2002.??.??"]

1. d4 f5 2. c4 Nf6 3. Nc3 e6 4. Nf3 Be7 5. e3 O-O 6. Bd3 b6 7. Rg1 Bb7 8. h3
Ne4 9. Qc2 Nxc3 10. bxc3 d6 11. d5 exd5 12. Bxf5 g6 13. Be6+ Kg7 14. cxd5 Bc8
15. Nd4 Qe8 16. Bxc8 Qxc8 17. Ne6+ Kg8 18. Nxf8 Qxf8 19. c4 Nd7 20. Bb2 Bf6 21.
Rd1 Re8 22. Rd2 Nc5 23. Bxf6 Qxf6 24. Rf1 Ne4 25. Qb2 Re5 26. Rd4 Nc5 27. Qb1
Re7 28. Kd2 Qg5 29. Rg1 Qf6 30. Rf1 Re5 31. f4 Re8 32. Rf3 Qe7 33. g4 Ne4+ 34.
Rxe4 Qxe4 35. Qxe4 Rxe4 36. Kd3 Re7 37. e4 Kg7 38. Kd4 Kf7 39. g5 a5 40. e5
dxe5+ 41. fxe5+ Ke8 42. e6 1-0

[Event "13. Lovsprings EMT Basis 2 2002"]
[Site "Ringsted"]
[Date "2002.03.15"]
[Round "2"]
[White "Larsen, Dennis"]
[Black "Abdi, Farhad"]
[Result "1/2-1/2"]
[WhiteElo "1584"]
[BlackElo "1298"]
[PlyCount "104"]
[EventDate "2002.??.??"]

1. e4 g6 2. d4 Bg7 3. Nf3 e6 4. Be2 Ne7 5. Nc3 O-O 6. Bg5 c6 7. Qd2 d5 8. O-O
Qc7 9. Rfe1 dxe4 10. Nxe4 Nf5 11. Bc4 Nd7 12. Rad1 Re8 13. Bf4 Qb6 14. c3 Qd8
15. Nd6 Nxd6 16. Bxd6 Nb6 17. Bb3 Qxd6 18. c4 Qc7 19. d5 Qd6 20. Qa5 c5 21.
dxe6 Qe7 22. exf7+ Qxf7 23. Rxe8+ Qxe8 24. Qxc5 Bg4 25. Re1 Qf8 26. Qxf8+ Kxf8
27. Ng5 Bxb2 28. Nxh7+ Kg7 29. Re7+ Kh6 30. c5 Rc8 31. h3 Bf5 32. cxb6 axb6 33.
Rf7 Rc1+ 34. Kh2 Bd4 35. g4 Be5+ 36. Kg2 Be4+ 37. f3 Bc6 38. Nf6 g5 39. Ng8+
Kg6 40. Ne7+ Kh6 41. Nf5+ Kg6 42. h4 gxh4 43. Nxh4+ Kh6 44. Re7 Bb2 45. Re2 Ba3
46. Nf5+ Kg5 47. Nd4 Rc3 48. Re5+ Kf6 49. Rf5+ Kg7 50. Ne2 Rd3 51. Rf7+ Kh6 52.
Rf6+ Kg7 1/2-1/2

[Event "13. Lovsprings EMT Basis 2 2002"]
[Site "Ringsted"]
[Date "2002.03.15"]
[Round "2"]
[White "Pedersen, Allan"]
[Black "Petersen, Torben William"]
[Result "1-0"]
[WhiteElo "1536"]
[BlackElo "1365"]
[PlyCount "71"]
[EventDate "2002.??.??"]

1. c4 Nf6 2. Nc3 e6 3. d4 d5 4. e3 c6 5. b3 Nbd7 6. Nf3 Bd6 7. Bd2 O-O 8. Be2
dxc4 9. Bxc4 Re8 10. O-O e5 11. Qc2 e4 12. Ng5 Bxh2+ 13. Kh1 Rf8 14. Nh3 Bc7
15. Nxe4 Nxe4 16. Qxe4 Nf6 17. Qh4 h6 18. f3 Qd6 19. Ng1 Bd8 20. Qh2 Qe7 21.
Ne2 Bc7 22. Qh4 Qd6 23. e4 Qd8 24. g3 Bb6 25. Bc3 Qd7 26. Kg2 Bd8 27. Qh2 Nh7
28. Bd2 Ng5 29. Bxg5 Bxg5 30. f4 Bd8 31. f5 Bb6 32. Rad1 Qe7 33. Rf4 Bc7 34.
Rg4 Kh7 35. Rh1 b5 36. Rxg7+ 1-0

[Event "13. Lovsprings EMT Basis 2 2002"]
[Site "Ringsted"]
[Date "2002.03.15"]
[Round "2"]
[White "Wagner, Tim"]
[Black "Pedersen, Jon"]
[Result "1-0"]
[WhiteElo "1582"]
[BlackElo "1438"]
[PlyCount "83"]
[EventDate "2002.??.??"]

1. d4 d5 2. c4 c6 3. Nc3 e6 4. e3 Nf6 5. Bd3 b6 6. Nf3 Nbd7 7. O-O Be7 8. Qc2
dxc4 9. Bxc4 h6 10. Ne2 Bd6 11. Rd1 Qc7 12. Ng3 O-O 13. e4 Bxg3 14. fxg3 Nh5
15. e5 g5 16. Qe4 Ng7 17. g4 Rd8 18. h4 gxh4 19. Bxh6 Bb7 20. Ng5 Nf8 21. Rf1
c5 22. Qe2 Rd7 23. Rf2 Re8 24. Ne4 Bxe4 25. Qxe4 Rxd4 26. Qe2 Ng6 27. Be3 Rdd8
28. Raf1 Re7 29. Bg5 Rde8 30. Bxe7 Rxe7 31. Re1 Qc6 32. Kh1 h3 33. Qf3 hxg2+
34. Qxg2 Qxg2+ 35. Kxg2 Rd7 36. Kg3 Rd4 37. b3 Kf8 38. Re3 Ke7 39. Bd3 Nf8 40.
Ref3 Ke8 41. Bb5+ Nd7 42. Rxf7 1-0

[Event "13. Lovsprings EMT Basis 2 2002"]
[Site "Ringsted"]
[Date "2002.03.22"]
[Round "3"]
[White "Christensen, Michael"]
[Black "Pedersen, Allan"]
[Result "1-0"]
[WhiteElo "1419"]
[BlackElo "1536"]
[PlyCount "61"]
[EventDate "2002.??.??"]

1. Nf3 Nf6 2. d4 d5 3. c4 e6 4. e3 Be7 5. Nc3 c6 6. Bd3 Nbd7 7. Bd2 O-O 8. O-O
Re8 9. Qc2 h6 10. Rfe1 dxc4 11. Bxc4 Bf8 12. Rad1 b5 13. Bd3 Bb7 14. a3 a6 15.
e4 e5 16. dxe5 Ng4 17. Bf4 Qc8 18. e6 Rxe6 19. e5 Bc5 20. Ne4 Bf8 21. Nd6 Bxd6
22. exd6 Rxe1+ 23. Rxe1 Ngf6 24. Ne5 Nxe5 25. Bxe5 Nd5 26. Bf5 Qd8 27. d7 Qg5
28. Bd6 Nf6 29. Be7 c5 30. Bh3 Be4 31. Rxe4 1-0

[Event "13. Lovsprings EMT Basis 2 2002"]
[Site "Ringsted"]
[Date "2002.03.22"]
[Round "3"]
[White "Jorgensen, Morten"]
[Black "Wagner, Tim"]
[Result "1-0"]
[WhiteElo "1499"]
[BlackElo "1582"]
[PlyCount "103"]
[EventDate "2002.??.??"]

1. d4 d5 2. c4 c6 3. cxd5 cxd5 4. Nc3 Nc6 5. Bf4 e6 6. Nf3 Qb6 7. Rb1 Nf6 8. e3
a6 9. Bd3 Nb4 10. O-O Nxd3 11. Qxd3 h6 12. Rfc1 Nh5 13. Bc7 Qxc7 14. Nxd5 Qb8
15. Nc7+ Kd8 16. Ne5 Ra7 17. Nxf7+ Kd7 18. Nxh8 Nf6 19. Nf7 b6 20. Ne5+ Kd8 21.
Nc6+ Kxc7 22. Nxb8+ Kxb8 23. Qc4 Bd7 24. Rc2 Bd6 25. Rbc1 Nd5 26. a3 b5 27. Qd3
Nb6 28. Qg6 b4 29. Qxg7 bxa3 30. bxa3 Rb7 31. Qg8+ Ka7 32. Rb1 Rb8 33. Qh7 Rb7
34. Rxb6 Kxb6 35. Rb2+ Bb5 36. Qxh6 Rc7 37. g4 Bxa3 38. Qxe6+ Rc6 39. Rxb5+
axb5 40. Qd5 b4 41. g5 Rc3 42. Qd6+ Rc6 43. Qb8+ Ka5 44. d5 Rb6 45. Qa7+ Kb5
46. Qd7+ Ka5 47. d6 b3 48. Qa7+ Ra6 49. Qc7+ Kb5 50. d7 b2 51. Qb7+ Kc5 52.
d8=Q 1-0

[Event "13. Lovsprings EMT Basis 2 2002"]
[Site "Ringsted"]
[Date "2002.03.22"]
[Round "3"]
[White "Larsen, Dennis"]
[Black "Jensen, Dan Bronnum"]
[Result "1-0"]
[WhiteElo "1584"]
[BlackElo "1234"]
[PlyCount "81"]
[EventDate "2002.??.??"]

1. e4 e5 2. Nf3 Nc6 3. d4 exd4 4. Nxd4 Nf6 5. Bg5 Be7 6. Nc3 d6 7. Bb5 Bd7 8.
O-O Nxd4 9. Qxd4 O-O 10. Rad1 Bxb5 11. Nxb5 a6 12. Nc3 Re8 13. f3 b6 14. Kh1
Nd7 15. Bc1 Bf6 16. Qe3 Bxc3 17. Qxc3 Rc8 18. Rfe1 Re5 19. f4 Rc5 20. Qd3 Ra5
21. a3 Rh5 22. Re3 Nc5 23. Qe2 Rh6 24. f5 Qf8 25. b4 Nd7 26. Rg3 Rf6 27. Bg5
Re8 28. Bxf6 Nxf6 29. Re3 Re5 30. c4 Qe7 31. Re1 h6 32. h3 Qd7 33. Qc2 Qe7 34.
Kh2 c6 35. Qd3 Nd7 36. R1e2 Nf6 37. g3 Nd7 38. Rd2 Nf6 39. Qxd6 Nxe4 40. Qxe7
Rxe7 41. Rde2 1-0

[Event "13. Lovsprings EMT Basis 2 2002"]
[Site "Ringsted"]
[Date "2002.03.22"]
[Round "3"]
[White "Mortensen, Orla Lind"]
[Black "Petersen, Torben William"]
[Result "1-0"]
[WhiteElo "1573"]
[BlackElo "1365"]
[PlyCount "87"]
[EventDate "2002.??.??"]

1. e4 c6 2. d4 d5 3. Nc3 dxe4 4. Nxe4 Bf5 5. Ng3 Bg6 6. Nf3 Nd7 7. Bd3 Bxd3 8.
Qxd3 e6 9. Bf4 Ngf6 10. O-O Be7 11. c4 O-O 12. Rfe1 Qa5 13. a3 c5 14. d5 Rfd8
15. dxe6 fxe6 16. Qc2 Nf8 17. Be5 h6 18. h3 Qb6 19. Ne4 N8d7 20. Bf4 Nxe4 21.
Qxe4 Nf8 22. Qc2 Bf6 23. Rab1 Re8 24. Be5 Nd7 25. Bxf6 Nxf6 26. Ne5 Qc7 27.
Rbd1 Rad8 28. Qe2 Nd7 29. Ng4 Nf8 30. Ne5 Nd7 31. Nxd7 Rxd7 32. Rxd7 Qxd7 33.
Rd1 Qf7 34. Rd3 Qe7 35. Re3 Qd6 36. Rd3 Qe7 37. Qe5 b6 38. Qd6 Qxd6 39. Rxd6
Re7 40. f3 Kf7 41. Kf2 Kf6 42. f4 Kf5 43. Kf3 e5 44. g4# 1-0

[Event "13. Lovsprings EMT Basis 2 2002"]
[Site "Ringsted"]
[Date "2002.03.22"]
[Round "3"]
[White "Nilsson, Jonas Gosta"]
[Black "Jorgensen, Mikkel"]
[Result "1/2-1/2"]
[WhiteElo "1558"]
[BlackElo "1588"]
[PlyCount "27"]
[EventDate "2002.??.??"]

1. b4 d5 2. Bb2 Bf5 3. e3 Nf6 4. c4 Nbd7 5. Nf3 e6 6. c5 c6 7. d4 Ne4 8. a4 Be7
9. Bd3 O-O 10. O-O Qc7 11. b5 Bf6 12. Qc2 e5 13. dxe5 Nxe5 14. Nxe5 1/2-1/2

[Event "13. Lovsprings EMT Basis 2 2002"]
[Site "Ringsted"]
[Date "2002.04.02"]
[Round "3"]
[White "Pedersen, Jon"]
[Black "Abdi, Farhad"]
[Result "1/2-1/2"]
[WhiteElo "1438"]
[BlackElo "1298"]
[PlyCount "71"]
[EventDate "2002.??.??"]

1. e4 e6 2. d4 d6 3. Nf3 Be7 4. Be3 Bd7 5. Be2 Nf6 6. Nc3 O-O 7. O-O c6 8. Bg5
Ne8 9. Bxe7 Qxe7 10. Qd2 Nf6 11. e5 Nd5 12. Nxd5 cxd5 13. Rfe1 Bc6 14. Bd3 Nd7
15. Re3 dxe5 16. Nxe5 Nxe5 17. dxe5 Qg5 18. Bxh7+ Kh8 19. Qd3 f5 20. exf6 Rxf6
21. Rae1 d4 22. Rg3 Qf4 23. f3 Rh6 24. Rd1 Rxh7 25. Qxd4 Qxd4+ 26. Rxd4 Re8 27.
Rd6 Kg8 28. Rg4 Rh5 29. c4 a6 30. b4 Kf7 31. Rgd4 Re7 32. g4 Rg5 33. h4 Re5 34.
Kf2 g5 35. h5 Kg7 36. Rd3 1/2-1/2

[Event "13. Lovsprings EMT Basis 2 2002"]
[Site "Ringsted"]
[Date "2002.04.05"]
[Round "4"]
[White "Abdi, Farhad"]
[Black "Wagner, Tim"]
[Result "0-1"]
[WhiteElo "1298"]
[BlackElo "1582"]
[PlyCount "92"]
[EventDate "2002.??.??"]

1. Nf3 d5 2. c4 c6 3. e3 Nf6 4. d4 Bg4 5. Be2 Bxf3 6. Bxf3 dxc4 7. Nd2 b5 8.
Qc2 Qb6 9. O-O e6 10. a4 Nd5 11. Bxd5 exd5 12. b3 cxb3 13. Qxb3 b4 14. Bb2 a5
15. e4 Qd8 16. Rfe1 Be7 17. Nf3 O-O 18. exd5 cxd5 19. Re5 Bf6 20. Qxd5 Qxd5 21.
Rxd5 Re8 22. Kf1 Nc6 23. Re1 Rxe1+ 24. Kxe1 Be7 25. Kd2 f6 26. Kd3 Nb8 27. Nd2
Kf7 28. Nc4 Nc6 29. Rb5 Bd8 30. d5 Nb8 31. Rb7+ Kg6 32. Bd4 Na6 33. Nb6 Rb8 34.
Rxb8 Nxb8 35. d6 Nc6 36. Nc4 Kf5 37. f3 h5 38. Ne3+ Ke6 39. g3 Nxd4 40. Kxd4
Bb6+ 41. Kd3 Bxe3 42. Kxe3 Kxd6 43. Kd3 Ke5 44. h3 g5 45. g4 hxg4 46. fxg4 Kf4
0-1

[Event "13. Lovsprings EMT Basis 2 2002"]
[Site "Ringsted"]
[Date "2002.04.05"]
[Round "4"]
[White "Jensen, Dan Bronnum"]
[Black "Pedersen, Jon"]
[Result "0-1"]
[WhiteElo "1234"]
[BlackElo "1438"]
[PlyCount "128"]
[EventDate "2002.??.??"]

1. e4 c6 2. Nc3 d5 3. exd5 cxd5 4. d4 Nf6 5. Nf3 a6 6. Be2 Bf5 7. O-O e6 8. a3
Bd6 9. h3 Nbd7 10. Re1 O-O 11. Nh4 Bg6 12. Nxg6 hxg6 13. Bf3 b5 14. Bg5 Qb6 15.
Be3 Rfc8 16. Nb1 b4 17. a4 a5 18. Be2 Qc6 19. Bd3 Nb6 20. b3 Ne4 21. Bd2 Nd7
22. Bb5 Qc7 23. Bd3 Ndf6 24. Qc1 Ra7 25. Bg5 Nc3 26. Qe3 Nce4 27. Bxf6 Nxf6 28.
Nd2 Bf4 29. Qe2 Bxd2 30. Qxd2 Qc3 31. Qe3 Ne4 32. Rad1 Nd6 33. Qe5 Nf5 34. Bxf5
gxf5 35. Re2 Rac7 36. Rdd2 Qb2 37. Qd6 Rxc2 38. Rxc2 Rxc2 39. Rxc2 Qxc2 40.
Qd8+ Kh7 41. Qh4+ Kg8 42. Qd8+ Kh7 43. Qh4+ Kg6 44. Qg3+ Kh5 45. Qf3+ Kh6 46.
Qf4+ g5 47. Qe3 Qc3 48. Qe5 Kg6 49. Qe3 Qxe3 50. fxe3 f6 51. Kf2 e5 52. Kf3 e4+
53. Kg3 Kh5 54. Kh2 f4 55. exf4 gxf4 56. Kg1 e3 57. Kf1 Kh4 58. Kg1 Kg3 59. Kf1
f3 60. gxf3 Kxf3 61. h4 Kg4 62. Ke2 Kxh4 63. Kxe3 Kg3 64. Ke2 Kf4 0-1

[Event "13. Lovsprings EMT Basis 2 2002"]
[Site "Ringsted"]
[Date "2002.04.05"]
[Round "4"]
[White "Jorgensen, Morten"]
[Black "Mortensen, Orla Lind"]
[Result "0-1"]
[WhiteElo "1499"]
[BlackElo "1573"]
[PlyCount "80"]
[EventDate "2002.??.??"]

1. d4 Nf6 2. Bg5 c6 3. Bxf6 exf6 4. c4 Bb4+ 5. Nc3 O-O 6. Nf3 d5 7. e3 Bf5 8.
Bd3 Be6 9. Qb3 Bxc3+ 10. bxc3 Qc7 11. O-O dxc4 12. Bxc4 Bxc4 13. Qxc4 Rc8 14.
Rab1 Nd7 15. Rfd1 b5 16. Qd3 Nb6 17. Nd2 a6 18. e4 Rd8 19. Nf3 c5 20. d5 f5 21.
e5 Rxd5 22. Qxf5 Rad8 23. Re1 Qd7 24. Qxd7 R5xd7 25. h3 Kf8 26. e6 Re7 27. exf7
Rxe1+ 28. Rxe1 Kxf7 29. Ng5+ Kg8 30. Re6 Rb8 31. f4 h6 32. Ne4 c4 33. f5 a5 34.
g4 Nd5 35. f6 gxf6 36. Nxf6+ Nxf6 37. Rxf6 Kg7 38. Rf5 b4 39. Rxa5 bxc3 40. Ra3
c2 0-1

[Event "13. Lovsprings EMT Basis 2 2002"]
[Site "Ringsted"]
[Date "2002.04.05"]
[Round "4"]
[White "Nilsson, Jonas Gosta"]
[Black "Christensen, Michael"]
[Result "1-0"]
[WhiteElo "1558"]
[BlackElo "1419"]
[PlyCount "49"]
[EventDate "2002.??.??"]

1. b4 e6 2. Bb2 Nf6 3. a3 c5 4. b5 d5 5. e3 Be7 6. Nf3 O-O 7. c4 Nbd7 8. Be2 b6
9. h4 Bb7 10. Rg1 Qc7 11. g4 e5 12. g5 Ne8 13. cxd5 e4 14. g6 fxg6 15. Ng5 Qh2
16. Rf1 Bxd5 17. Nc3 Qxh4 18. Nxh7 Kxh7 19. Nxd5 Bf6 20. Bxf6 Nexf6 21. Qb3
Nxd5 22. Qxd5 Nf6 23. Qc4 Ng4 24. Bxg4 Qxg4 25. Rh1+ 1-0

[Event "13. Lovsprings EMT Basis 2 2002"]
[Site "Ringsted"]
[Date "2002.04.09"]
[Round "4"]
[White "Petersen, Torben William"]
[Black "Larsen, Dennis"]
[Result "1/2-1/2"]
[WhiteElo "1365"]
[BlackElo "1584"]
[PlyCount "203"]
[EventDate "2002.??.??"]

1. d4 d5 2. c4 Nf6 3. cxd5 Nxd5 4. e4 Nf6 5. Nc3 e6 6. Nf3 Nbd7 7. a3 Be7 8.
Bd3 O-O 9. O-O b6 10. Qe2 Bb7 11. e5 Nd5 12. Qe4 f5 13. exf6 N7xf6 14. Qxe6+
Kh8 15. Ne5 Qe8 16. Bb5 Bc8 17. Qc6 Nxc3 18. bxc3 Qxc6 19. Bxc6 Rb8 20. Bg5 Bf5
21. Rfe1 h6 22. Bxf6 Bxf6 23. g4 Bxe5 24. dxe5 Bxg4 25. e6 Rf6 26. e7 Rxc6 27.
e8=Q+ Rxe8 28. Rxe8+ Kh7 29. Re3 Bh5 30. Rae1 Bg4 31. Kg2 Bf5 32. Re5 Bg6 33.
R1e3 Rc4 34. Re7 h5 35. Rd7 Bf5 36. Rd4 Rc6 37. Rf4 Bg6 38. Rd4 Bf5 39. Rd5 Bg6
40. f4 Bf7 41. Rg5 Kh6 42. h4 Rc4 43. Kg3 Rc6 44. f5 g6 45. Rf3 Kg7 46. Re3 Kf6
47. fxg6 Bxg6 48. Rf3+ Kg7 49. Kh3 Kh6 50. Rfg3 Bc2 51. Rg8 Kh7 52. R8g7+ Kh6
53. Rg8 Kh7 54. Rf8 Bb3 55. Rd8 Be6+ 56. Kg2 Bg4 57. Re3 Kg7 58. Ra8 a5 59. Ra7
Kf7 60. Rd3 Ke7 61. Kg3 Bf5 62. Re3+ Kd6 63. Ra8 Rc4 64. Rd8+ Kc6 65. Rd4 Rc5
66. Kf4 Bg4 67. Ke4 Bf5+ 68. Kf4 Bg4 69. Kg3 Bf5 70. Kf2 Bg4 71. Ke1 b5 72. Kd2
Kb6 73. a4 bxa4 74. Rxa4 Kb5 75. Rae4 Rd5+ 76. Kc1 Rd1+ 77. Kc2 Rf1 78. Re5+ c5
79. Re1 Rf2+ 80. Kc1 Rh2 81. Re7 Rxh4 82. Rh7 Rh3 83. Rg1 Rxc3+ 84. Kb2 Rc4 85.
Rb7+ Kc6 86. Rh7 a4 87. Rh6+ Kb5 88. Ka1 Rf4 89. Rb1+ Rb4 90. Re1 Rd4 91. Rb1+
Rb4 92. Rc1 Rb3 93. Rh8 c4 94. Rb8+ Kc5 95. Ra8 Rb4 96. Ra5+ Kb6 97. Rg5 Rb5
98. Rg6+ Kc5 99. Rg5+ Kb6 100. Rg6+ Ka5 101. Rxc4 Be2 102. Rc1 1/2-1/2

[Event "13. Lovsprings EMT Basis 2 2002"]
[Site "Ringsted"]
[Date "2002.04.12"]
[Round "5"]
[White "Abdi, Farhad"]
[Black "Petersen, Torben William"]
[Result "0-1"]
[WhiteElo "1298"]
[BlackElo "1365"]
[PlyCount "86"]
[EventDate "2002.??.??"]

1. d4 c6 2. Nf3 d5 3. Bf4 Bg4 4. e3 Nf6 5. Be2 Nbd7 6. Nbd2 e6 7. O-O Be7 8.
Ne5 Bxe2 9. Qxe2 O-O 10. c4 dxc4 11. Nexc4 Nd5 12. Bd6 Re8 13. Bxe7 Qxe7 14. a3
e5 15. Nf3 exd4 16. Nxd4 N7f6 17. Nf5 Qd7 18. Qc2 Ne4 19. Nd4 c5 20. Nf3 f6 21.
Rad1 Rad8 22. Qb3 b6 23. Ne1 Qc6 24. Nf3 Kh8 25. Qc2 Qe6 26. Rd3 Rd7 27. Rfd1
b5 28. Na5 Red8 29. Rb3 a6 30. Nc6 Rc8 31. Ncd4 Qe8 32. Nxb5 axb5 33. Rxb5 Nxe3
34. fxe3 Rxd1+ 35. Qxd1 Qxb5 36. Qc2 Qe8 37. Kf1 h6 38. Ke2 f5 39. a4 Qe6 40.
b3 Rd8 41. g3 Qa6+ 42. Qc4 Qa5 43. Ne5 Qd2+ 0-1

[Event "13. Lovsprings EMT Basis 2 2002"]
[Site "Ringsted"]
[Date "2002.04.12"]
[Round "5"]
[White "Jorgensen, Mikkel"]
[Black "Christensen, Michael"]
[Result "1/2-1/2"]
[WhiteElo "1588"]
[BlackElo "1419"]
[PlyCount "28"]
[EventDate "2002.??.??"]

1. d4 d5 2. e4 dxe4 3. Nc3 g6 4. Nxe4 Bg7 5. Be3 Nf6 6. Nxf6+ exf6 7. c3 O-O 8.
Bc4 c6 9. Ne2 Nd7 10. Qd2 Nb6 11. Bb3 Nd5 12. Bxd5 Qxd5 13. O-O Re8 14. Ng3 Bd7
1/2-1/2

[Event "13. Lovsprings EMT Basis 2 2002"]
[Site "Ringsted"]
[Date "2002.04.12"]
[Round "5"]
[White "Larsen, Dennis"]
[Black "Pedersen, Allan"]
[Result "1-0"]
[WhiteElo "1584"]
[BlackElo "1536"]
[PlyCount "91"]
[EventDate "2002.??.??"]

1. e4 c5 2. Nf3 d6 3. d4 cxd4 4. Nxd4 Nf6 5. Nc3 a6 6. Be2 e5 7. Nb3 Be6 8. O-O
Be7 9. Be3 Nbd7 10. f4 Qc7 11. Nd2 Nb6 12. fxe5 dxe5 13. Kh1 Rd8 14. Qe1 O-O
15. Qf2 Nbd7 16. a3 Bc5 17. Rad1 Bxe3 18. Qxe3 h6 19. Qg3 Kh7 20. Nf3 Bc4 21.
Bxc4 Qxc4 22. Nxe5 Nxe5 23. Qxe5 Rxd1 24. Rxd1 Qc8 25. Qd6 Qg4 26. Qd3 g6 27.
e5 Nh5 28. Nd5 Re8 29. Re1 Qe6 30. Nc7 Nf4 31. Qe3 Qc6 32. Qxf4 Qxc7 33. h3 Qe7
34. Kh2 Qe6 35. Qe4 f6 36. Qxb7+ Re7 37. Qe4 fxe5 38. c4 Qf6 39. b4 h5 40. Re2
h4 41. c5 Kh6 42. Re3 g5 43. Rf3 Qg6 44. Qe2 e4 45. Re3 Qf6 46. Rxe4 1-0

[Event "13. Lovsprings EMT Basis 2 2002"]
[Site "Ringsted"]
[Date "2002.04.12"]
[Round "5"]
[White "Mortensen, Orla Lind"]
[Black "Nilsson, Jonas Gosta"]
[Result "1/2-1/2"]
[WhiteElo "1573"]
[BlackElo "1558"]
[PlyCount "89"]
[EventDate "2002.??.??"]

1. e4 e6 2. d4 d5 3. Nc3 Bb4 4. e5 c5 5. a3 Bxc3+ 6. bxc3 c4 7. f4 Ne7 8. Nf3
b5 9. Be2 Bd7 10. O-O O-O 11. Qe1 Nbc6 12. a4 bxa4 13. Ba3 f5 14. Ng5 h6 15.
Nf3 Kh7 16. Qg3 g6 17. Qh3 Kg7 18. Qg3 Kh7 19. Rab1 Rb8 20. Nd2 Rg8 21. h4 a6
22. Rxb8 Nxb8 23. Rb1 Bb5 24. Qh3 Nbc6 25. Nf3 Rg7 26. Kf2 Qa5 27. Rh1 Kg8 28.
Nd2 h5 29. Qe3 Nc8 30. Nf3 Nd8 31. Ng5 Na7 32. Bb4 Qc7 33. Qc1 Nac6 34. Ba3 Qa5
35. Qd2 Na7 36. Ra1 Qc7 37. Qc1 Nac6 38. Bc5 Qc8 39. Ba3 Nb7 40. Bf3 Qd7 41.
Qb2 Kh8 42. Bf8 Rg8 43. Qa3 Qe8 44. Bh6 Ncd8 45. Re1 1/2-1/2

[Event "13. Lovsprings EMT Basis 2 2002"]
[Site "Ringsted"]
[Date "2002.04.12"]
[Round "5"]
[White "Pedersen, Jon"]
[Black "Jorgensen, Morten"]
[Result "1/2-1/2"]
[WhiteElo "1438"]
[BlackElo "1499"]
[PlyCount "78"]
[EventDate "2002.??.??"]

1. e4 e5 2. f4 d5 3. exd5 Qxd5 4. Nc3 Qc5 5. fxe5 Qxe5+ 6. Qe2 Nc6 7. Qxe5+
Nxe5 8. Nb5 Bd6 9. d4 Ng6 10. Bc4 Nf6 11. Ne2 O-O 12. O-O Bg4 13. Nxd6 cxd6 14.
Nf4 Nxf4 15. Bxf4 d5 16. Bb3 Be6 17. Bd6 Rfc8 18. Bf4 Ne4 19. Rae1 g5 20. Be5
Nd2 21. Rf2 Nxb3 22. axb3 Rc6 23. c3 f5 24. Rfe2 Bf7 25. Rf2 Be6 26. g3 Rb6 27.
b4 Rf8 28. Ra1 a6 29. Ra5 h6 30. h4 Kh7 31. hxg5 hxg5 32. Ra1 Bc8 33. Rh2+ Rh6
34. Rxh6+ Kxh6 35. Kg2 Kh5 36. Kf3 Kg6 37. Rh1 Rf7 38. Rh8 Be6 39. Rg8+ Kh5
1/2-1/2